L'Èxode / versió segons els textos originals i amb anotació de Mn. Frederic Clascar
Descripción Física:
291 p. ; 21 cm
Otros Autores:
Clascar, Frederic, ed
Materias:
Biblia. A. T.. Èxode. Català
MARC
| LEADER | 00000nam a2200000Ia 4500 | ||
|---|---|---|---|
| 001 | 8727 | ||
| 003 | BGR | ||
| 005 | 20260324175236.0 | ||
| 008 | 160829s1925 xx 000 0 cat d | ||
| 080 | |a F-1-9 | ||
| 243 | |a Biblia. A.T. Hexateuc | ||
| 245 | |a L'Èxode / versió segons els textos originals i amb anotació de Mn. Frederic Clascar | ||
| 260 | |a Barcelona : |b Institut de la Llengua Catalana, |c 1925 | ||
| 300 | |a 291 p. ; |c 21 cm | ||
| 650 | |a Biblia. A. T.. Èxode. Català |9 22916 | ||
| 700 | |a Clascar, Frederic, ed. |9 22917 | ||
| 710 | 2 | |a Institut de la Llengua Catalana |9 71116 | |
| 901 | |a Arxiu | ||
| 942 | |n 1 |2 udc |c MON | ||
| 952 | |0 0 |1 0 |4 0 |6 F19 |7 1 |9 42379 |a Arxiu |b Arxiu |d 2016-12-01 |l 0 |o F-1-9 |p 8727 |r 2016-12-01 00:00:00 |w 2016-12-01 |y ARXIU | ||
| 999 | |c 44857 |d 44857 | ||